Critical thinking : (Record no. 78144)

MARC details
000 -LEADER
fixed length control field 00602nam a22001937a 4500
005 - DATE AND TIME OF LATEST TRANSACTION
control field 20130812112254.0
010 ## - LCCN (DPL NO)
LC control number ENG-108166
020 ## - INTERNATIONAL STANDARD BOOK NUMBER
International Standard Book Number 9781107600829
Terms of availability 295.00
035 ## - SYSTEM CONTROL NUMBER
System control number EN-91699
037 ## - SOURCE OF ACQUISITION
Source of stock number/acquisition DBAD/PUB
082 ## - DEWEY DECIMAL CLASSIFICATION NUMBER
Classification number 160
100 ## - MAIN ENTRY--PERSONAL NAME
Personal name Fisher, Alec
245 10 - TITLE STATEMENT
Title Critical thinking :
Statement of responsibility, etc by Alec Fisher
Remainder of title an introduction /
260 ## - PUBLICATION, DISTRIBUTION, ETC. (IMPRINT)
Place of publication, distribution, etc New Delhi
Name of publisher, distributor, etc Cambridge University Press
Date of publication, distribution, etc 2012(repr.)
270 ## - ADDRESS
Address 4381/4, Ansari Road, Daryaganj
City New Delhi
Postal code 110002
300 ## - PHYSICAL DESCRIPTION
Extent 249p.
Dimensions 24cm(pbk)
500 ## - GENERAL NOTE
General note Includes bibliographical references and index
942 ## - ADDED ENTRY ELEMENTS (KOHA)
Source of classification or shelving scheme Dewey Decimal Classification
Item type English Books
Call number suffix FIS
Classification part 160
Holdings
Withdrawn status Lost status Not for loan Collection code Home library Current library Date acquired Source of acquisition Cost, normal purchase price Full call number Barcode Copy number Cost, replacement price Koha item type
    Not For Loan Non-fiction D.B.Act.Division D.B.Act.Division 29/07/2013 DBAD/PUB 295.00 160 FIS EN-91699 1 295.00 English Books

© Delhi Public Library
Hit Counter
free hit counter